000
00271nam a2200109Ia 4500
008
190216s9999||||xx |||||||||||||| ||und||
100
_a
R R Umarji
245
0
_a
Probability And Statistical Methods
260
_b
Asia Publishing House
650
_a
Statistics
942
_c
BK
999
_c
30546
_d
30546